| 000 | 00431nam a2200193Ia 4500 | ||
|---|---|---|---|
| 005 | 20240823033904.0 | ||
| 008 | 240823s9999||||xx |||||||||||||| ||und|| | ||
| 020 | _a81-260-1700-7 | ||
| 041 | _aHINDI | ||
| 082 | _A891.433 Q2 | ||
| 100 | _aRamanika Gupta | ||
| 245 | 0 | _aDalit Kahani Sanchayan | |
| 250 | _a1st | ||
| 260 |
_c2012 _bSahitya Ac |
||
| 500 | _aYES | ||
| 650 |
_aStory _bGeneral |
||
| 942 | _cBK | ||
| 999 |
_c196902 _d196902 |
||